000 00640nam a22001817a 4500
003 CEME
005 20210628205658.0
008 210312b xxu||||| |||| 00| 0 eng d
020 _a90-5809-016-7
040 _c.
082 _a620.1 EXP
100 _aAllison, I.M
_976618
245 _aExperimetal mechanics advances in design testing and analysis
260 _aNETHERLAND
_bA. A. BALKEMA
_c1998
300 _a1425P, VOL-2
650 _aBIOMEDICAL ENGINEERING ASPECTS OF EXPERIMENTAL MECHANICS MATERIALS BEHAVIOUR TESTING MICROELECTRONICS STRENGTH OF JOINTS METAL FORMING FRACTURE MECHANICS CREEP COMPOSITIES
_976619
942 _cBK
_2ddc
999 _c581967
_d581967